Štát prešiel pri pomoci od slov k činom

Pridaná hodnota centier podnikových služieb pre slovenskú ekonomiku. Pálčivá problematika zamestnávania cudzincov. Novela zákona o pobyte cudzincov platná od mája tohto roku. Čo sú centrá podnikových služieb. Nový zákon o investičnej pomoci. Rast záujmu o investície. Kvalita absolventov stredných a...

Description complète

Enregistré dans:
Détails bibliographiques
Auteur principal: Kvašňák, Lukáš
Autres auteurs: Kollárová, Zuzana
Format: Chapitre de livre
Langue:slovaque
Sujets:
Tags: Ajouter un tag
Pas de tags, Soyez le premier à ajouter un tag!

MARC

LEADER 00000naa a2200000 4500
001 0229546
005 20170425135728.8
041 0 |a slo 
044 |a SK 
245 1 0 |a Štát prešiel pri pomoci od slov k činom  |c Lukáš Kvašňák, Zuzana Kollárová 
520 |a Pridaná hodnota centier podnikových služieb pre slovenskú ekonomiku. Pálčivá problematika zamestnávania cudzincov. Novela zákona o pobyte cudzincov platná od mája tohto roku. Čo sú centrá podnikových služieb. Nový zákon o investičnej pomoci. Rast záujmu o investície. Kvalita absolventov stredných a vysokých škôl ako vážny problém pre tieto centrá. Spolupráca centier s univerzitami. Rekvalifikačné kurzy na mieru. 
610 2 0 |a služby 
610 2 0 |a podnik 
610 2 0 |a investície 
610 2 0 |a sily pracovné 
610 2 0 |a kvalita 
610 2 0 |a cudzinci 
610 2 0 |a kooperácia 
610 2 0 |a univerzity 
610 2 0 |a technológie informačné 
610 2 0 |a technológie komunikačné 
610 2 0 |a Slovensko 
100 1 |a Kvašňák, Lukáš 
700 1 |a Kollárová, Zuzana